| 000 | 00593cas a22001694i 4500 | ||
|---|---|---|---|
| 999 |
_c50553 _d50553 |
||
| 001 | 768714001 | ||
| 003 | CO-MdFUSB | ||
| 005 | 20180302161131.0 | ||
| 008 | 180302s1996 cr ||||| |||| 00| 0 spa d | ||
| 040 |
_aCO-MdFUSB _bspa _cCO-MdFUSB _dCO-MdFUSB |
||
| 041 | _aspa | ||
| 100 | 1 |
_aKeene, Leonard _eautor |
|
| 245 | 1 | 0 |
_aGuías para tratar a su hijo como una persona : _b¿a dónde se han ido todos los padres? |
| 300 |
_aVolumen 4. Número 1 (1996), páginas 4-10 _c: 28 cm |
||
| 773 | 0 |
_tConquista Cristiana _049446 _960302 _gVolumen 4. Número 1 (1996), páginas 4-10 _qpágina 4 |
|
| 942 | _cANA | ||